| 000 | 00955nam a22002657a 4500 | ||
|---|---|---|---|
| 999 |
_c20132 _d20132 |
||
| 003 | OSt | ||
| 005 | 20210127085904.0 | ||
| 008 | 161205b xxu||||| |||| 00| 0 eng d | ||
| 010 | _a 2008940118 | ||
| 015 |
_aGBA8B9725 _2bnb |
||
| 016 | 7 |
_a014778309 _2Uk |
|
| 020 | _a9783790821178 (hbk.) | ||
| 020 | _a3790821179 (hbk.) | ||
| 020 | _a3790821187 (ebk.) | ||
| 020 | _a9783790821185 (ebk.) | ||
| 040 |
_aMMU _cMMU _dMMU _beng |
||
| 050 | 0 | 0 |
_aHD60 _b.S375 2009 |
| 100 | 1 | _aSchreck, Philipp. | |
| 245 | 1 | 4 |
_aThe business case for corporate social responsibility : _bunderstanding and measuring economic impacts of corporate social responsibility / _cPhilipp Schreck. |
| 260 |
_aHeidelberg : _bPhysica-Verlag ; _aLondon : _bSpringer [distributor], _cc2009. |
||
| 300 |
_axiii, 124 p. : _bill. ; _c24 cm. |
||
| 500 | _aIncludes bibliographical references (p. 105-121) and index. | ||
| 650 | 0 | _aSocial responsibility of business. | |
| 942 |
_2lcc _cLOAN LOAN |
||